MARC details
| 000 -CABECERA |
| campo de control de longitud fija |
01565nam a2200301 a 4500 |
| 001 - NÚMERO DE CONTROL |
| campo de control |
000011466 |
| 003 - IDENTIFICADOR DEL NÚMERO DE CONTROL |
| campo de control |
DO-SdBNP |
| 005 - FECHA Y HORA DE LA ÚLTIMA TRANSACCIÓN |
| campo de control |
20240412074226.0 |
| 008 - DATOS DE LONGITUD FIJA--INFORMACIÓN GENERAL |
| campo de control de longitud fija |
091019s1996 dr a 000 d spa d |
| 040 ## - FUENTE DE LA CATALOGACIÓN |
| Centro catalogador/agencia de origen |
DO-SdBNP |
| Lengua de catalogación |
spa |
| Centro/agencia transcriptor |
BNPHU |
| 049 ## - FONDOS LOCALES (OCLC) |
| Fondos de biblioteca |
BNPD |
| 082 #4 - NÚMERO DE LA CLASIFICACIÓN DECIMAL DEWEY |
| Número de clasificación |
RD862.44 |
| Número de documento/Ítem |
R696d |
| Número de edición |
22 |
| 100 1# - ENTRADA PRINCIPAL--NOMBRE DE PERSONA |
| Nombre de persona |
Rodríguez Fernández, Arturo, |
| Fechas asociadas al nombre |
1948- |
| 9 (RLIN) |
1675 |
| 245 10 - MENCIÓN DE TÍTULO |
| Título |
Dramas y comedias en ocho obras teatrales / |
| Mención de responsabilidad, etc. |
Arturo Rodríguez Fernández ; presentación Eligio Bisonó. |
| 260 ## - PUBLICACIÓN, DISTRIBUCIÓN, ETC. |
| Lugar de publicación, distribución, etc. |
Santo Domingo : |
| Nombre del editor, distribuidor, etc. |
Banco de Reservas de la República Dominicana, |
| Fecha de publicación, distribución, etc. |
1996. |
| 300 ## - DESCRIPCIÓN FÍSICA |
| Extensión |
371 p. : |
| Otras características físicas |
il. ; |
| Dimensiones |
23 cm. |
| 490 1# - MENCIÓN DE SERIE |
| Mención de serie |
Banreservas |
| 490 1# - MENCIÓN DE SERIE |
| Mención de serie |
Literatura ; |
| Designación de volumen o secuencia |
v. 3 |
| 500 ## - NOTA GENERAL |
| Nota general |
Incluye datos biográficos del autor en las solapas. |
| 505 0# - NOTA DE CONTENIDO CON FORMATO |
| Nota de contenido con formato |
Presentación / Lic. Eligio Bisonó, administrador general del Banco de Reservas de la República Dominicana -- El viaje chino. Suspense en un acto -- palmeras al viento. Comedia en un acto y dos cuadros -- Cordón umbilical. Drama en tres actos y doce cuadros -- Hoy no toca la pianista gorda. Comedia dramatica en un acto -- Parecido a Sebastian. Comedia dramatica en un acto, cinco y ocho cuadros -- Las mujeres de enfrente. Drama en un acto, cuatro cuadros y dos paréntesis -- Todos menos Elizabet. Comedia dramatica surrealista o existencial en dos actos. |
| 590 ## - NOTA LOCAL (RLIN) |
| Nota local |
Inventariado, 2023/BT |
| 650 #4 - PUNTO DE ACCESO ADICIONAL DE MATERIA--TÉRMINO DE MATERIA |
| Término de materia o nombre geográfico como elemento de entrada |
Teatro dominicano |
| Subdivisión general |
Colecciones |
| 9 (RLIN) |
21852 |
| 650 #0 - PUNTO DE ACCESO ADICIONAL DE MATERIA--TÉRMINO DE MATERIA |
| Término de materia o nombre geográfico como elemento de entrada |
Literatura dominicana. |
| 9 (RLIN) |
67 |
| 700 1# - PUNTO DE ACCESO ADICIONAL--NOMBRE DE PERSONA |
| Nombre de persona |
Bisonó, Eligio |
| 9 (RLIN) |
27153 |
| 830 #0 - PUNTO DE ACCESO ADICIONAL DE SERIE-TÍTULO UNIFORME |
| Título uniforme |
Banreservas |
| 9 (RLIN) |
9258 |
| 830 #0 - PUNTO DE ACCESO ADICIONAL DE SERIE-TÍTULO UNIFORME |
| Título uniforme |
Literatura ; |
| 9 (RLIN) |
8095 |
| Número de parte o sección de la obra |
3 |
| 942 ## - ELEMENTOS DE PUNTO DE ACCESO ADICIONAL (KOHA) |
| Fuente del sistema de clasificación o colocación |
Dewey Decimal Classification |
| Tipo de ítem Koha |
Libro |